[Event "29th ChessOrg Open"]
[Site "Bad Woerishofen GER"]
[Date "2013.03.01"]
[Round "1.1"]
[White "Epishin,V"]
[Black "Perman,T"]
[Result "1-0"]
[WhiteElo "2607"]
[BlackElo "2036"]

1.d4 Nf6 2.Nf3 e6 3.c4 Bb4+ 4.Bd2 Be7 5.Nc3 d5 6.Qc2 c5 7.dxc5 O-O 8.e4 dxe4
9.Nxe4 Nbd7 10.Nxf6+ Nxf6 11.Bd3 Qc7 12.Bc3 Qxc5 13.O-O b5 14.cxb5 Bb7 15.Be5 Qxc2
16.Bxc2 Rac8 17.Rfc1 Bc5 18.Bd4 Bxd4 19.Nxd4 Rfd8 20.Nb3 Kf8 21.Bd1 Rxc1
22.Rxc1 Rc8 23.Nc5 Rb8 24.Nxb7 Rxb7 25.a4 Nd5 26.Bf3 Ke7 27.Bxd5 exd5 28.Kf1 Kd6
29.Ke2 Ke5 30.Kd3 g5 31.Rc8 f5 32.b4 Re7 33.a5 Rb7 34.b6 axb6 35.a6 Rd7 36.b5  1-0

[Event "79th ch-BRA 2013"]
[Site "Montenegro BRA"]
[Date "2013.03.01"]
[Round "6.5"]
[White "Gotz,K"]
[Black "Mekhitarian,K"]
[Result "0-1"]
[WhiteElo "2081"]
[BlackElo "2546"]

1.d4 Nf6 2.c4 e6 3.Nf3 Bb4+ 4.Bd2 a5 5.g3 d6 6.Bg2 Nbd7 7.O-O e5 8.Bg5 exd4
9.Nxd4 O-O 10.a3 Bc5 11.Nc3 h6 12.Bf4 a4 13.Nf3 Nb6 14.Qd3 Re8 15.Nd5 Nfxd5
16.cxd5 Qf6 17.e4 Qxb2 18.Nd2 Nd7 19.Nc4 Qf6 20.Rab1 b5 21.Nd2 Ne5 22.Bxe5 Qxe5
23.Rfe1 Bd7 24.Re2 Qd4 25.Qc2 Bxa3 26.Qxc7 Ra7 27.Qc2 Rc8 28.Qa2 b4 29.Nf3 Qc4
30.Qd2 Qc3 31.Qf4 Bb5 32.Ree1 Qf6 33.Qg4 Bd7 34.Qh5 Rc2 35.e5 dxe5 36.Rxe5 b3
37.Rbe1 Be8 38.h4 g6  0-1

[Event "TCh-ISL 2012-13"]
[Site "Reykjavik ISL"]
[Date "2013.03.01"]
[Round "5.1"]
[White "Eljanov,P"]
[Black "Jones,G"]
[Result "1-0"]
[WhiteElo "2697"]
[BlackElo "2653"]

1.d4 Nf6 2.c4 e6 3.Nf3 Bb4+ 4.Bd2 Qe7 5.g3 Nc6 6.Nc3 Bxc3 7.Bxc3 Ne4 8.Rc1 O-O
9.Bg2 d6 10.d5 Nxc3 11.Rxc3 Nd8 12.O-O e5 13.c5 dxc5 14.Qc2 e4 15.Ne1 f5
16.f3 exf3 17.Bxf3 c6 18.Nd3 b6 19.dxc6 Ne6 20.Nf4 Nd4 21.Qa4 Kh8 22.Bg2 Nxe2+
23.Nxe2 Qxe2 24.c7 Ba6 25.Rfc1 Bd3 26.Qd1 Rac8 27.Rxd3 Qe5 28.Qd2 Rxc7 29.Re1 Qf6
30.Rd6 Qf7 31.Qd5 g6 32.b3 Qxd5 33.Bxd5 Kg7 34.Kf2 Rb8 35.a4 Kh6 36.Bc4 Rbb7
37.h4 Rd7 38.Ree6 Rxd6 39.Rxd6 Re7 40.Kf3 Kg7 41.a5 bxa5 42.Ra6 a4 43.Rxa4 Kf6
44.Ra5 Rc7 45.Kf4 h6 46.Ra6+ Kg7 47.Ke5 Rd7 48.Ke6 Rf7 49.Rd6 Rf6+ 50.Ke7 Rf8
51.Rd7 g5 52.h5 f4 53.g4 f3 54.Ke6+ Kg8 55.Ke5+ Kh8 56.Rf7 Re8+ 57.Be6  1-0

[Event "Zagreb Open A 2013"]
[Site "Zagreb CRO"]
[Date "2013.03.01"]
[Round "5.1"]
[White "Kozul,Z"]
[Black "Zelcic,R"]
[Result "0-1"]
[WhiteElo "2630"]
[BlackElo "2543"]

1.d4 Nf6 2.Nf3 e6 3.c4 Bb4+ 4.Bd2 a5 5.g3 d5 6.Qc2 O-O 7.Bg2 c5 8.cxd5 cxd4
9.Nxd4 Qb6 10.e3 exd5 11.O-O Nc6 12.Nxc6 bxc6 13.Rc1 Bd7 14.Bc3 Bxc3 15.Nxc3 Rfb8
16.Na4 Qa7 17.Nc5 Be8 18.b3 Nd7 19.Nd3 Nf6 20.Rd1 h6 21.Rac1 a4 22.b4 a3
23.Rb1 Qe7 24.Rb3 Bd7 25.Nc5 Bc8 26.Qc3 Qa7 27.h3 Nd7 28.Nd3 Rb6 29.Rc1 Nf6
30.Nc5 Bf5 31.Qd4 Rbb8 32.g4 Bg6 33.Rcc3 Ne8 34.Qf4 Rd8 35.Bf1 Nd6 36.Nd3 Nc4
37.Ne5 Nxe5 38.Qxe5 d4 39.exd4 Qxd4 40.Qxd4 Rxd4 41.Rxc6 Rd2 42.b5 Rb2 43.Ra6 Rxa6
44.bxa6 Rxb3 45.a7 Be4 46.Bg2 Rf3 47.h4 Kf8 48.h5 Ke7 49.Bxf3 Bxf3 50.Kh2 Bc6
51.Kg3 Ke6 52.Kf4 f6  0-1

[Event "29th ChessOrg Open"]
[Site "Bad Woerishofen GER"]
[Date "2013.03.02"]
[Round "2.9"]
[White "Skembris,S"]
[Black "Baeuml,U"]
[Result "1-0"]
[WhiteElo "2448"]
[BlackElo "2094"]

1.d4 e6 2.c4 Nf6 3.Nf3 Bb4+ 4.Bd2 Qe7 5.g3 b6 6.Bg2 Bb7 7.O-O Bxd2 8.Qxd2 O-O
9.Nc3 Ne4 10.Nxe4 Bxe4 11.Qf4 d5 12.Rfc1 Na6 13.Bf1 c5 14.dxc5 Nxc5 15.b4 Nd7
16.cxd5 Bxd5 17.e4 e5 18.Nxe5 g5 19.Qf5 Bxe4 20.Nc6 Bxc6 21.Bd3 f6 22.Rxc6 Ne5
23.Re6 Qg7 24.Be4 Rad8 25.Rc1 g4 26.h4 Rf7 27.Kg2 Qh6 28.Rc2 Kg7 29.a3 Qg6
30.Qxe5 fxe5 31.Bxg6 hxg6 32.Rxe5 Rd3 33.Re4 Rxa3 34.Rxg4 a5 35.h5 axb4 36.hxg6 Rd7
37.Rc6 Rc3 38.Rxb6 b3 39.Rh4 Rdc7 40.Rh7+ Kg8 41.Rxb3  1-0

[Event "29th ChessOrg Open"]
[Site "Bad Woerishofen GER"]
[Date "2013.03.02"]
[Round "2.4"]
[White "Arounopoulos,S"]
[Black "Romanishin,O"]
[Result "1/2-1/2"]
[WhiteElo "2129"]
[BlackElo "2503"]

1.d4 Nf6 2.c4 e6 3.Nf3 Bb4+ 4.Bd2 c5 5.e3 b6 6.Bd3 Bb7 7.O-O Bxd2 8.Nbxd2 d6
9.Qe2 Nbd7 10.e4 cxd4 11.Nxd4 O-O 12.Rad1 a6 13.f3 Qc7 14.Rc1 Rac8 15.b4 Ne5
16.Bb1 Rfe8 17.f4 Ng6 18.g3 b5 19.N4b3 bxc4 20.Qxc4 Qb8 21.Qe2 e5 22.f5 Nf8
23.Na5 d5 24.a3 Ba8 25.Qxa6 dxe4 26.Ndc4 Nd5 27.Nd6 Rxc1 28.Rxc1 Rd8 29.Nxe4 Nd7  1/2-1/2

[Event "Zagreb Open A 2013"]
[Site "Zagreb CRO"]
[Date "2013.03.02"]
[Round "6.12"]
[White "Zaja,I"]
[Black "Zecevic,Dea"]
[Result "0-1"]
[WhiteElo "2483"]
[BlackElo "2274"]

1.d4 Nf6 2.c4 e6 3.Nf3 Bb4+ 4.Bd2 a5 5.a3 Be7 6.Nc3 d5 7.Bf4 Nh5 8.Be5 Nc6
9.e3 O-O 10.g4 Nf6 11.Bxf6 Bxf6 12.h4 g6 13.g5 Bg7 14.cxd5 exd5 15.Qb3 Ne7
16.O-O-O c6 17.Na4 Bg4 18.Be2 b5 19.Nc5 Nf5 20.Ng1 Bxe2 21.Nxe2 Nd6 22.Nf4 Re8
23.Rdg1 a4 24.Qc2 b4 25.h5 bxa3 26.hxg6 axb2+ 27.Kxb2 hxg6 28.Nxg6 Nc4+ 29.Ka2 Rb8
30.Rb1 Rxb1 31.Rxb1 Qxg5 32.Nf4 Bxd4 33.Nh3 Qh5 34.Rg1+ Bg7 35.Nf4 Qh2 36.Rg2 Qh1
37.Qb1 Qxb1+ 38.Kxb1 Rb8+  0-1

[Event "29th ChessOrg Open"]
[Site "Bad Woerishofen GER"]
[Date "2013.03.03"]
[Round "3.48"]
[White "Reinke,K"]
[Black "Bretscher,R"]
[Result "1-0"]
[WhiteElo "1943"]
[BlackElo "1667"]

1.d4 Nf6 2.Nf3 e6 3.c4 Bb4+ 4.Bd2 Be7 5.Nc3 d5 6.e3 Ne4 7.Bd3 Nxc3 8.Bxc3 O-O
9.Ne5 Nd7 10.f4 Nxe5 11.dxe5 dxc4 12.Bxc4 Bd7 13.Qg4 Qe8 14.O-O Bb5 15.Qe2 Bc6
16.e4 Bc5+ 17.Kh1 Qe7 18.f5 exf5 19.exf5 Qg5 20.Bd2 Qh4 21.Rf4 Qg5 22.Rg4 Qd8
23.Bh6 Bd7 24.Bxg7 Bxf5 25.Bf6+  1-0

[Event "45th Belgrade WGM"]
[Site "Belgrade SRB"]
[Date "2013.03.03"]
[Round "1.1"]
[White "Nonkovic,B"]
[Black "Vega Gutierrez,B"]
[Result "1/2-1/2"]
[WhiteElo "2052"]
[BlackElo "2190"]

1.d4 Nf6 2.c4 e6 3.Nf3 Bb4+ 4.Bd2 c5 5.Bxb4 cxb4 6.g3 O-O 7.Bg2 d6 8.O-O Qc7
9.Qd3 e5 10.Nbd2 Re8 11.e4 Bg4 12.h3 Bxf3 13.Nxf3 Nc6 14.b3 a5 15.Rac1 a4
16.c5 axb3 17.axb3 dxc5 18.dxc5 Red8 19.Qc4 Ra5 20.Ra1 Rda8 21.Rxa5 Rxa5
22.Ne1 Nd4 23.Nd3 Nd7 24.Qxb4 Rb5 25.Qa4 Rxb3 26.Nxe5 Qxe5 27.Qxd7 Ne2+ 28.Kh2 Qxc5
29.Qd8+ Qf8 30.Qc7 Nd4 31.Rd1 Ne6 32.Qc2 Rb6 33.e5 g6 34.Rd7 Qb8 35.Qc3 Kg7
36.Qf3 Nd8 37.Qd3 Ne6 38.Qf3 Nd8 39.Qd1 Ne6 40.Qf3 Nd8 41.Qd5 Ne6 42.f4 Qc8
43.Rxb7 Rxb7 44.Qxb7 Qc2 45.Qe4 Qd2 46.h4 Qf2 47.Qf3 Qc2 48.Qe4  1/2-1/2

[Event "TCh-HUN 2012-13"]
[Site "Dunaharaszti HUN"]
[Date "2013.03.03"]
[Round "8"]
[White "Gonda,L"]
[Black "Nestorovic,De"]
[Result "1/2-1/2"]
[WhiteElo "2528"]
[BlackElo "2438"]

1.d4 Nf6 2.Nf3 e6 3.c4 Bb4+ 4.Bd2 Qe7 5.g3 Nc6 6.Nc3 O-O 7.Bg2 Na5 8.b3 b6
9.O-O Bb7 10.Qc2 c5 11.dxc5 bxc5 12.Bf4 Bc6 13.Rfd1 Nb7 14.Nb5 Be4 15.Qb2 d5
16.cxd5 exd5 17.Bg5 d4 18.a3 Ba5 19.b4 cxb4 20.axb4 Bxb4 21.Bxf6 gxf6 22.Rxd4 Bc5
23.Rxe4 Qxe4 24.Nh4 Qe5 25.Qxe5 fxe5 26.Bxb7 Rab8 27.Ba6 Rb6 28.Nf5 Rfb8
29.Nc3 Bd4 30.Nxd4 exd4 31.Ne4 Rb1+ 32.Rxb1 Rxb1+ 33.Kg2 Rb6 34.Bc4 a5 35.Ng5 a4
36.Nxf7 Rb4 37.Ne5+ Kg7 38.f4  1/2-1/2

[Event "TCh-HUN 2012-13"]
[Site "Szombathely HUN"]
[Date "2013.03.03"]
[Round "8"]
[White "Ilincic,Z"]
[Black "Prohaszka,P2"]
[Result "0-1"]
[WhiteElo "2450"]
[BlackElo "2573"]

1.d4 Nf6 2.c4 e6 3.Nf3 Bb4+ 4.Bd2 Qe7 5.g3 Nc6 6.Bg2 Bxd2+ 7.Nbxd2 d6 8.O-O a5
9.e4 e5 10.d5 Nb8 11.Ne1 h5 12.Qa4+ Bd7 13.Qa3 h4 14.b4 b6 15.b5 hxg3 16.fxg3 Bg4
17.Nc2 Nbd7 18.Nb4 Nc5 19.Nc6 Qd7 20.Rf2 Bh3 21.Bxh3 Qxh3 22.Qf3 Qg4 23.Raf1 Qxf3
24.Rxf3 Rf8 25.Re1 Nfd7 26.g4 Rh8 27.Kg2 f6 28.Ree3 Nf8 29.Kg3 Ng6 30.Rf1 Nf4
31.h4 Kd7 32.Rh1 Rh7 33.Rh2 Rah8 34.Nf3 g6 35.Rh1 Rf7 36.Rh2 Rff8 37.Rh1 Rh7
38.Rh2 Rg7 39.Rh1 Ke8 40.Rh2 Kf7 41.Rh1 Kg8 42.Rh2 f5 43.Ng5 Nxe4+ 44.Nxe4 fxe4
45.Rxe4 Nh5+ 46.Kh3 Rf3+ 47.Kg2 Rg3+ 48.Kf1 Nf6  0-1

[Event "UTD Turner GM Invitational 2013"]
[Site "Richardson USA"]
[Date "2013.03.09"]
[Round "2"]
[White "Bercys,S"]
[Black "Anton Guijarro,D"]
[Result "1/2-1/2"]
[WhiteElo "2427"]
[BlackElo "2546"]

1.d4 Nf6 2.c4 e6 3.Nf3 Bb4+ 4.Bd2 Qe7 5.g3 Bxd2+ 6.Qxd2 O-O 7.Bg2 Ne4 8.Qc2 Qb4+
9.Nbd2 Nxd2 10.Nxd2 Nc6 11.e3 Qe7 12.O-O d6 13.Rfc1 Rb8 14.Rab1 e5 15.d5 Nb4
16.Qb3 c5 17.a3 Na6 18.Qc3 Bf5 19.e4 Bd7 20.f4 f6 21.b4 b5 22.cxb5 Bxb5 23.Bh3 cxb4
24.axb4 Bd7 25.Bf1 Bb5 26.Bh3 Bd7 27.Bf1 Bb5  1/2-1/2

[Event "Karpos Open 2013"]
[Site "Skopje MKD"]
[Date "2013.03.10"]
[Round "2.59"]
[White "Arsovic,G"]
[Black "Steil Antoni,F"]
[Result "1-0"]
[WhiteElo "2438"]
[BlackElo "2152"]

1.d4 Nf6 2.Nf3 e6 3.c4 Bb4+ 4.Bd2 Qe7 5.g3 Nc6 6.Nc3 Bxc3 7.Bxc3 Ne4 8.Rc1 O-O
9.Bg2 d6 10.d5 Nd8 11.dxe6 Nxe6 12.O-O Nxc3 13.Rxc3 Bd7 14.e4 Qf6 15.e5 Qh6
16.exd6 cxd6 17.Nd4 Nxd4 18.Qxd4 Bc6 19.Rd1 Bxg2 20.Kxg2 Rfd8 21.Re3 Qg5
22.h4 Qa5 23.Re7 Qxa2 24.Rxb7 Rf8 25.Re1 Rab8 26.Ree7 Rxb7 27.Rxb7 a5 28.Rd7 a4
29.Rxd6 h6 30.c5 a3 31.bxa3 Qxa3 32.c6 Qa8 33.Kh2 Qc8 34.Qd5  1-0

[Event "Karpos Open 2013"]
[Site "Skopje MKD"]
[Date "2013.03.10"]
[Round "3.16"]
[White "Jumabayev,R"]
[Black "Hamitevici,V"]
[Result "1/2-1/2"]
[WhiteElo "2554"]
[BlackElo "2444"]

1.d4 Nf6 2.Nf3 e6 3.c4 Bb4+ 4.Bd2 Qe7 5.Nc3 Bxc3 6.Bxc3 Ne4 7.Rc1 d6 8.g3 Nc6
9.d5 Nxc3 10.Rxc3 Nd8 11.Bg2 O-O 12.O-O e5 13.c5 dxc5 14.Qc2 e4 15.Nd2 f5
16.Rxc5 c6 17.Rd1 Bd7 18.d6 Qf6 19.Rc3 Nf7 20.Nc4 Be6 21.Na5 Rab8 22.f3 Bd5
23.fxe4 fxe4 24.Bxe4 Bxe4 25.Qxe4 Nxd6 26.Qf4 Qxc3 27.bxc3 Rxf4 28.gxf4 Ne4
29.Rd7 Nxc3 30.e3 Ne4 31.Nxb7 Nf6 32.Rd8+ Rxd8 33.Nxd8 c5 34.Kf2 Ng4+ 35.Ke2 Nxh2
36.Nc6 c4 37.Nxa7 c3 38.Nc6 c2 39.Kd2 Nf1+ 40.Kxc2 Nxe3+ 41.Kd3 Nd5 42.a4 Kf7
43.a5 Nxf4+ 44.Kc4 Ke6 45.a6 Nd5 46.Kb5 h5 47.Ne7 Nc7+ 48.Kb6 Kd7 49.Ng6 Na8+
50.Kb7 Kd8 51.Nf8 h4 52.Ne6+ Kd7 53.Nc5+ Kd8 54.Ne6+ Kd7 55.Kxa8 Kc8 56.Ng5 Kc7
57.Nh3 Kc8 58.Ng5  1/2-1/2

[Event "Karpos Open 2013"]
[Site "Skopje MKD"]
[Date "2013.03.14"]
[Round "7.19"]
[White "Arsovic,G"]
[Black "Stevic,H"]
[Result "0-1"]
[WhiteElo "2438"]
[BlackElo "2620"]

1.d4 Nf6 2.Nf3 e6 3.c4 Bb4+ 4.Bd2 Qe7 5.g3 Bxd2+ 6.Qxd2 Nc6 7.Nc3 d5 8.Ne5 dxc4
9.Nxc6 bxc6 10.Bg2 O-O 11.Bxc6 Rb8 12.O-O Rd8 13.Rfd1 e5 14.d5 h5 15.f3 Qc5+
16.Kg2 Bd7 17.Bxd7 Rxd7 18.Ne4 Nxe4 19.fxe4 c6 20.Qc3 cxd5 21.Qxe5 Rdb7 22.exd5 Rxb2
23.Rac1 Qb5 24.Qxh5 Re8 25.Re1 Rxa2 26.Qf3 Rd2 27.Rc3 Rxd5 28.Rf1 Rd7 29.Rfc1 Rde7
30.R1c2 Re4 31.h4 a5 32.Rd2 Qe5 33.Rcc2 Re3  0-1

[Event "83rd ch-URU 2013"]
[Site "Montevideo URU"]
[Date "2013.03.15"]
[Round "7.5"]
[White "Saralegui,M"]
[Black "Sosa Macho,J"]
[Result "1-0"]
[WhiteElo "2142"]
[BlackElo "2157"]

1.d4 Nf6 2.c4 e6 3.Nf3 Bb4+ 4.Bd2 Be7 5.Nc3 d5 6.Bg5 O-O 7.e3 b6 8.Bd3 Bb7
9.Rc1 c5 10.cxd5 Nxd5 11.Bxe7 Qxe7 12.Nxd5 Bxd5 13.Bb1 Nd7 14.O-O Rfd8 15.Qc2 g6
16.e4 Bb7 17.Qa4 Qf6 18.Rfe1 cxd4 19.Qxd4 e5 20.Qe3 Nc5 21.Qc3 Re8 22.b4 Na6
23.a3 Rac8 24.Qe3 Nc7 25.Ba2 Ne6 26.Rxc8 Bxc8 27.Qh6 Qf4 28.Qxf4 Nxf4 29.g3 Nh3+
30.Kg2 g5 31.Rc1 g4 32.Nxe5 Ng5 33.Rc7 Rxe5 34.Rxc8+ Kg7 35.Bd5 a5 36.Rc6 axb4
37.axb4 f5 38.Rxb6 fxe4 39.Bc6 h5 40.Rb5 Rxb5 41.Bxb5 Kf7 42.Bc6 Ke7 43.b5 Kd6
44.Be8 Kc5 45.Bxh5 Kxb5 46.Bxg4 Kc5 47.Bf5 Kd4 48.h4 Nf7 49.g4 e3 50.fxe3+ Kxe3
51.Kg3 Kd4 52.Kf4 Kd5 53.g5 Kd6 54.Bg6 Nd8 55.Kf5 Ke7 56.Bh5 Kf8 57.Kf6 Kg8
58.Bg4 Nb7 59.Be6+  1-0

[Event "TCh-CZE Div1 Vychod 2012-13"]
[Site "Czech Republic CZE"]
[Date "2013.03.17"]
[Round "9.4"]
[White "Beil,Z"]
[Black "Mudrak,J"]
[Result "1-0"]
[WhiteElo "2253"]
[BlackElo "2323"]

1.d4 Nf6 2.Nf3 e6 3.c4 Bb4+ 4.Bd2 Bxd2+ 5.Qxd2 d6 6.Nc3 O-O 7.e4 Nc6 8.O-O-O Qe7
9.Bd3 e5 10.dxe5 Nxe5 11.Nxe5 dxe5 12.Nd5 Nxd5 13.exd5 b5 14.cxb5 Bb7 15.Kb1 Rfd8
16.Qc2 g6 17.Bc4 Rd6 18.Rd2 Rad8 19.Rc1 Qg5 20.g3 R8d7 21.Rcd1 Re7 22.a4 Bc8
23.Ka2 e4 24.Qc3 a6 25.b3 axb5 26.Bxb5 Bg4 27.h4 Qh5 28.Rc1 e3 29.fxe3 Rxd5
30.Rxd5 Qxd5 31.Bc6 Qf5 32.e4 Qf2+ 33.Rc2 Qf1 34.Rd2 f6 35.Qc5 Kf7 36.Bd5+ Ke8
37.Bc4 Qe1 38.Qd5 Be6  1-0

[Event "TCh-SWE Elite 2012-13"]
[Site "Sweden SWE"]
[Date "2013.03.17"]
[Round "9"]
[White "Engqvist,T"]
[Black "Eriksson,A"]
[Result "1-0"]
[WhiteElo "2322"]
[BlackElo "2297"]

1.d4 Nf6 2.Nf3 e6 3.c4 Bb4+ 4.Bd2 a5 5.g3 b6 6.Bg2 Bb7 7.O-O O-O 8.Bf4 Be7
9.Nc3 d5 10.cxd5 Nxd5 11.Nxd5 Bxd5 12.Qc2 Na6 13.e4 Bb7 14.Rad1 Rc8 15.a3 c6
16.Rfe1 b5 17.Ne5 Bd6 18.Qe2 Re8 19.h4 Qc7 20.Bh3 Rcd8 21.h5 f6 22.Nd3 Bxf4
23.Nxf4 Bc8 24.e5 f5 25.Qc2 Qb6 26.Bg2 c5 27.d5 c4 28.dxe6 Bxe6 29.Rd6 Rxd6
30.exd6 Qxd6 31.Bd5 Bxd5 32.Rxe8+ Kf7 33.Qxf5+ Kxe8 34.Nxd5 Nc5 35.Qc8+ Kf7
36.Qf5+ Ke8 37.Qc8+ Kf7 38.Qf5+ Ke8 39.Nc3 b4 40.axb4 axb4 41.Ne4 Qd1+ 42.Kg2 Nd3
43.Qc8+ Ke7 44.Qc7+ Ke6 45.Qd6+ Kf7 46.Qd7+ Kf8 47.Qd8+  1-0

[Event "3rd HD Bank Cup 2013"]
[Site "Ho Chi Minh City VIE"]
[Date "2013.03.21"]
[Round "5.34"]
[White "Ivana Maria,F"]
[Black "Nguyen Hoang Nam1"]
[Result "0-1"]
[WhiteElo "2065"]
[BlackElo "2311"]

1.d4 Nf6 2.Nf3 e6 3.c4 Bb4+ 4.Bd2 Qe7 5.g3 O-O 6.Bg2 Nc6 7.Nc3 Bxc3 8.Bxc3 Ne4
9.O-O Nxc3 10.bxc3 d6 11.e4 e5 12.Re1 b6 13.Rb1 Rd8 14.h3 Na5 15.Bf1 c5 16.d5 f5
17.Nd2 Qf6 18.Bg2 Rf8 19.Qe2 f4 20.g4 Ba6 21.f3 h5 22.Bf1 hxg4 23.fxg4 Rf7
24.Qf3 Raf8 25.Be2 Qe7 26.a4 g6 27.Kg2 Rh7 28.Rh1 Kg7 29.Rbf1 Qe8 30.Ra1 Rfh8
31.Bd3 Bc8 32.Qd1 Bd7 33.Be2 Qd8 34.Qe1 Rh6 35.Rh2 Qe8 36.Qd1 Qc8 37.Bf3 Kf8
38.Be2 Ke7 39.Bf3 Kd8 40.Be2 Kc7 41.Bf3 R8h7 42.Ra2 Qh8 43.Qh1 Qd8 44.Qe1 Qg5
45.Qe2 Rh4 46.Qd1 Rh8 47.Ra1 R4h7 48.Qe2 Bc8 49.Rah1 Ba6 50.Qf1 Qh4 51.Kg1 Nxc4
52.Nxc4 Qg3+ 53.Bg2 Qxc3  0-1

[Event "3rd HD Bank Cup 2013"]
[Site "Ho Chi Minh City VIE"]
[Date "2013.03.22"]
[Round "6.29"]
[White "Ren,Xiaoyi"]
[Black "Vo Thanh Ninh"]
[Result "0-1"]
[WhiteElo "2216"]
[BlackElo "2318"]

1.d4 Nf6 2.c4 e6 3.Nf3 Bb4+ 4.Bd2 Be7 5.Nc3 d5 6.Bg5 O-O 7.e3 c6 8.Bd3 dxc4
9.Bxc4 b5 10.Bd3 Nbd7 11.O-O Bb7 12.Rc1 Rc8 13.a3 a5 14.e4 b4 15.axb4 axb4
16.Na4 c5 17.e5 Nd5 18.Bxe7 Qxe7 19.Nxc5 Nxc5 20.dxc5 Nf4 21.Qd2 Nh3+ 22.gxh3 Bxf3
23.Qe3 Bd5 24.f3 Qh4 25.Rf2 f5 26.f4 Qe7 27.Bf1 g5 28.Bg2 gxf4 29.Qxf4 Rxc5
30.Rxc5 Qxc5 31.Bxd5 Qxd5 32.Qxb4 Kf7 33.Qd2 Rd8 34.Qxd5 Rxd5 35.Re2 Kg6
36.Kf2 f4 37.b4 Kf5 38.Rb2 Rb5 39.Kf3 Kxe5 40.Kg4 h5+ 41.Kxh5 Kf5 42.Ra2 Rb7
43.Kh6 f3 44.h4 e5 45.h5 e4 46.b5 e3 47.b6 e2 48.h4 Rxb6+  0-1

[Event "19th Schloss Open"]
[Site "Werther GER"]
[Date "2013.03.22"]
[Round "2.8"]
[White "Lucas,Micha"]
[Black "Meijers,V"]
[Result "0-1"]
[WhiteElo "2086"]
[BlackElo "2464"]

1.d4 Nf6 2.c4 e6 3.Nf3 Bb4+ 4.Bd2 a5 5.a3 Bxd2+ 6.Qxd2 b6 7.Nc3 Bb7 8.e3 Ne4
9.Qc2 Nxc3 10.Qxc3 O-O 11.Be2 d6 12.O-O Nd7 13.b4 Qe7 14.Nd2 f5 15.Nb3 a4
16.Nd2 Rf6 17.f3 Rh6 18.Rf2 g5 19.Re1 Qg7 20.Bd1 Nf6 21.e4 g4 22.exf5 g3
23.hxg3 Qxg3 24.Nf1 Qh4 25.Rfe2 exf5 26.d5 Rf8 27.Re7 Qh1+ 28.Kf2 Rg6 29.g3 f4
30.g4 Qh4+ 31.Kg2 Bc8 32.Nh2 Qg3+ 33.Kh1 Bxg4 34.Qd2 Bh3 35.R7e2 Kh8 36.Bc2 Rg7  0-1

[Event "3rd HD Bank Cup 2013"]
[Site "Ho Chi Minh City VIE"]
[Date "2013.03.23"]
[Round "8.4"]
[White "Berkes,F"]
[Black "Tran Tuan Minh"]
[Result "1-0"]
[WhiteElo "2702"]
[BlackElo "2310"]

1.d4 Nf6 2.c4 e6 3.Nf3 Bb4+ 4.Bd2 Qe7 5.g3 Nc6 6.Nc3 Bxc3 7.Bxc3 Ne4 8.Rc1 O-O
9.Bg2 d6 10.O-O e5 11.d5 Nd8 12.Be1 a5 13.Qc2 f5 14.b3 f4 15.Nxe5 Nxg3 16.fxg3 dxe5
17.c5 Ra6 18.d6 Qf7 19.Qe4 Nc6 20.gxf4 Bf5 21.fxe5 Bxe4 22.Rxf7 Kxf7 23.Bxe4 Ke6
24.Rd1 Kxe5 25.Bd5 Nd4 26.Bc4 b5 27.cxb6 Rxb6 28.Bxa5 Rc6 29.Bc3 Rxd6 30.e3 Rg6+
31.Kh1  1-0

[Event "TCh-AUT 2012-13"]
[Site "St.Veit AUT"]
[Date "2013.03.23"]
[Round "10.2"]
[White "Sebenik,M"]
[Black "Dizdar,G"]
[Result "1/2-1/2"]
[WhiteElo "2543"]
[BlackElo "2499"]

1.d4 Nf6 2.c4 e6 3.Nf3 Bb4+ 4.Bd2 Qe7 5.g3 b6 6.Bg2 Bb7 7.O-O Bxd2 8.Qxd2 O-O
9.Nc3 d5 10.cxd5 exd5 11.Ne5 Na6 12.Rac1 c5 13.e3 Rfd8 14.b3 Nc7 15.Qb2 Ne6
16.Qa3 Re8 17.Rfd1 cxd4 18.Qxe7 Rxe7 19.exd4 Nxd4 20.f4 Nf5 21.Nxd5 Nxd5
22.Bxd5 Bxd5 23.Rxd5 g6 24.Kf2 f6 25.Nc6 Rc7 26.g4 Ng7 27.f5 gxf5 28.gxf5 Kf8
29.b4 a6 30.a4 Rac8 31.b5 axb5 32.axb5 Ra8 33.Rc2 Ne8 34.Rcd2 Rg7 35.Rd8 Rxd8
36.Rxd8 Rg5 37.Nd4 Ke7 38.Nc6+ Kf8 39.Nd4 Ke7 40.Rb8 Nd6 41.Rxb6 Rg4 42.Nc6+ Kd7
43.Nb8+ Kc7 44.Rc6+ Kxb8 45.Rxd6 Rf4+ 46.Kg3 Rxf5 47.b6 Kb7 48.Kg4 Rg5+ 49.Kh4 Rg6
50.Kh5 Rg5+ 51.Kh4 Rg6 52.h3 Rh6+ 53.Kg3  1/2-1/2

[Event "TCh-AUT 2012-13"]
[Site "St.Veit AUT"]
[Date "2013.03.23"]
[Round "10.2"]
[White "Weiss,C"]
[Black "Bauer,Ch"]
[Result "0-1"]
[WhiteElo "2406"]
[BlackElo "2639"]

1.d4 Nf6 2.Nf3 e6 3.c4 Bb4+ 4.Bd2 a5 5.g3 d5 6.cxd5 exd5 7.Bg2 O-O 8.O-O Re8
9.Nc3 c6 10.e3 Bf5 11.Ne2 Bd6 12.Nh4 Bg4 13.f3 Bc8 14.Qc2 Bb4 15.Bh1 Qe7
16.Ng2 b6 17.Rfe1 Bb7 18.a3 Bxd2 19.Qxd2 Nbd7 20.g4 Nf8 21.Ng3 Ne6 22.Nf4 c5
23.Bg2 Qd6 24.Nf5 Qb8 25.Rac1 c4 26.Ng3 h6 27.h4 b5 28.Kf2 Rf8 29.Rh1 Bc8
30.g5 hxg5 31.hxg5 Nxg5 32.Rh4 Ngh7 33.Rh2 g6 34.Rch1 Qd6 35.Qc2 Ra7 36.Rh6 Re8
37.Ngh5 Bf5 38.Nxf6+ Nxf6 39.Qd2 Kg7 40.R6h2 Ng8 41.Rh7+ Kf8 42.Bh3 Bxh3
43.R1xh3 b4 44.Rh8 g5 45.Nh5 bxa3 46.bxa3 Ra6 47.e4 dxe4 48.Rxg8+ Kxg8 49.Qxg5+ Qg6
50.Qe3 Qf5 51.Rg3+ Rg6  0-1

[Event "Norwegian Open 2013"]
[Site "Fagernes NOR"]
[Date "2013.03.24"]
[Round "1"]
[White "Sjol,H"]
[Black "Moen,A"]
[Result "0-1"]
[WhiteElo "1855"]
[BlackElo "2390"]

1.d4 Nf6 2.Nf3 e6 3.c4 Bb4+ 4.Bd2 Qe7 5.a3 Bxd2+ 6.Qxd2 O-O 7.Nc3 d6 8.e3 b6
9.Be2 Bb7 10.O-O Nbd7 11.b4 c5 12.Rfd1 Rfd8 13.Qb2 Rab8 14.Rac1 h6 15.Ne1 a6
16.Bf3 cxd4 17.Rxd4 e5 18.Rd2 e4 19.Be2 Ne5 20.Nd5 Nxd5 21.cxd5 Rdc8 22.Rdc2 Rxc2
23.Rxc2 Bxd5 24.Bxa6 b5 25.Rc8+ Rxc8 26.Bxc8 Qc7 27.Bh3 Qc4 28.g3 Nd3 29.Qd2 Qb3
30.Qc2 Nxe1 31.Qc8+ Kh7 32.Bf5+ g6 33.Bxg6+ fxg6 34.Qd7+ Bf7  0-1

[Event "Norwegian Open 2013"]
[Site "Fagernes NOR"]
[Date "2013.03.24"]
[Round "3"]
[White "Drazic,S"]
[Black "Miezis,N"]
[Result "1/2-1/2"]
[WhiteElo "2459"]
[BlackElo "2552"]

1.d4 Nf6 2.Nf3 e6 3.c4 Bb4+ 4.Bd2 a5 5.a3 Bxd2+ 6.Nfxd2 d5 7.e3 O-O 8.Nc3 b6
9.g3 Bb7 10.Bg2 Na6 11.O-O c5 12.dxc5 Nxc5 13.b4 axb4 14.axb4 Na6 15.Qb3 dxc4
16.Nxc4 Bxg2 17.Kxg2 Nd5 18.Rad1 Rc8 19.Nxd5 exd5 20.Nb2 Qe7 21.Rd4 Nc7 22.Na4 Rcd8
23.Nxb6 Rd6 24.Na4 Ne6 25.Rd3 Rb8 26.Rfd1 Qb7 27.Rb1 Ng5 28.Qd1 Qd7 29.h4 Qh3+
30.Kg1 Ne4 31.Qf1 Qxf1+ 32.Kxf1 Ra6 33.Nc3 Ra3 34.Rc1 Rc8 35.Ne2 Rxc1+ 36.Nxc1 Ra1
37.Rd1 Rb1 38.Re1 Rxb4 39.Nd3 Rb5 40.g4 g6 41.f3 Nc5 42.Nf4 Ne6 43.Ne2 Rb3
44.Kf2 Rb2 45.Kg3 Kg7 46.g5 h6 47.Nf4 Nxf4 48.Kxf4 Rb4+ 49.e4 hxg5+ 50.hxg5 dxe4
51.Rxe4 Rb5  1/2-1/2

[Event "ch-SRB w 2013"]
[Site "Pirot SRB"]
[Date "2013.03.24"]
[Round "2"]
[White "Djukic,Sa"]
[Black "Miladinovic,L"]
[Result "1-0"]
[WhiteElo "2125"]
[BlackElo "2116"]

1.d4 Nf6 2.c4 e6 3.Nf3 Bb4+ 4.Bd2 Qe7 5.g3 Nc6 6.Bg2 Bxd2+ 7.Nbxd2 d6 8.e4 a5
9.O-O e5 10.d5 Nb8 11.Ne1 O-O 12.Nb1 Na6 13.Nc3 Nc5 14.Nc2 Bg4 15.Qd2 Ne8
16.Rae1 Bd7 17.f4 Rb8 18.b3 c6 19.Ne3 Nc7 20.Nf5 Bxf5 21.exf5 cxd5 22.fxe5 dxe5
23.Nxd5 Nxd5 24.Bxd5 Qf6 25.Qxa5 b6 26.Qc3 Rfe8 27.Re2 Re7 28.b4 Nd7 29.a3 h5
30.Qf3 Qg5 31.Qe3 Qf6 32.Be4 Rc8 33.Rc2 Qd6 34.Rd2 Qc7 35.f6 Nxf6 36.Rxf6 gxf6
37.Qh6 Rd7 38.Bh7+ Kh8 39.Bf5+ Kg8 40.Bh7+ Kh8  1-0

[Event "44th Marcel Duchamp"]
[Site "Buenos Aires ARG"]
[Date "2013.03.25"]
[Round "4.6"]
[White "Garcia Palermo,C"]
[Black "Tobares,L"]
[Result "0-1"]
[WhiteElo "2460"]
[BlackElo "2303"]

1.d4 Nf6 2.Nf3 e6 3.c4 Bb4+ 4.Bd2 Qe7 5.g3 Nc6 6.Bg2 Bxd2+ 7.Nbxd2 d6 8.e4 e5
9.d5 Nb8 10.b4 O-O 11.O-O Bg4 12.Qc2 Bxf3 13.Nxf3 a5 14.a3 Na6 15.Rab1 axb4
16.axb4 c5 17.dxc6 bxc6 18.b5 Nc5 19.Nh4 g6 20.f4 cxb5 21.cxb5 Rab8 22.fxe5 Qxe5
23.Rb4 Ne6 24.Nf3 Qc5+ 25.Qxc5 dxc5 26.Rb2 Nxe4 27.b6 c4 28.Ne5 c3 29.Rb4 N4c5
30.Nc6 Nd3 31.Nxb8 Nxb4 32.Nd7 Rd8 33.b7 Na6 34.Nf6+ Kg7 35.Ne4 c2 36.Kf2 Nec5
37.Ke3 Nb3  0-1

[Event "ch-Moscow 2013"]
[Site "Moscow RUS"]
[Date "2013.03.25"]
[Round "4.8"]
[White "Geivondian,Arman"]
[Black "Reshetnikov,Al"]
[Result "1/2-1/2"]
[WhiteElo "2222"]
[BlackElo "2496"]

1.d4 Nf6 2.c4 e6 3.Nf3 Bb4+ 4.Bd2 Bxd2+ 5.Qxd2 b6 6.Nc3 Bb7 7.e3 d6 8.Bd3 Nbd7
9.O-O O-O 10.Qc2 Bxf3 11.gxf3 c5 12.dxc5 Nxc5 13.Be2 Qe7 14.Rad1 Rfd8 15.Rd2 Rac8
16.Rfd1 Nb7 17.Qa4 Nc5 18.Qc2 a5 19.b3 g6 20.Qb2 Ne8 21.Nb5 e5 22.Rd5 Ne6
23.Kh1 N6c7 24.Nxc7 Nxc7 25.R5d2 Rd7 26.Qb1 Qh4 27.Qe4 Qd8 28.f4 exf4 29.Qxf4 Ne6
30.Qg3 Qf6 31.Rxd6 Rxd6 32.Rxd6 Rd8 33.Rxd8+ Qxd8 34.Kg2 Nc5 35.Qe5 Qd2 36.Qb8+ Kg7
37.Qe5+ Kg8 38.Qb8+ Kg7 39.Qxb6 Qxe2 40.Qxc5 Qg4+  1/2-1/2

[Event "Mexico International Open"]
[Site "Puebla MEX"]
[Date "2013.03.26"]
[Round "1.2"]
[White "Garcia Garcia,Angel"]
[Black "Macieja,B"]
[Result "0-1"]
[WhiteElo "2044"]
[BlackElo "2630"]

1.d4 Nf6 2.c4 e6 3.Nf3 Bb4+ 4.Bd2 c5 5.Bxb4 cxb4 6.Nbd2 O-O 7.e4 d6 8.Bd3 Re8
9.Qa4 a5 10.O-O e5 11.a3 Na6 12.axb4 Nxb4 13.Bb1 Bg4 14.Re1 Qb6 15.dxe5 dxe5
16.h3 Bxf3 17.Nxf3 Qc7 18.Qb5 Nd7 19.Rd1 Nc5 20.Ra3 b6 21.Rc3 Nc6 22.Rd5 Na7
23.Rxc5 bxc5 24.Qa4 Red8 25.Nh4 g6 26.Rg3 Qd7 27.Qa2 Qd2 28.Nf5 Qc1+ 29.Kh2 Rd1
30.Rc3 Rh1+  0-1